000 00360 a2200169 4500
001 57249
020 _a8516014746
040 _cAnchieta - Pituba
100 _aCarrasco, Walcyr
240 1 0 _aO garoto da novela
_lpor
245 1 0 _aO garoto da novela
300 _a78
362 0 _a1997
440 1 _aModerna
650 4 _aLiteratura juvenil
942 _cBK
999 _c57249
_d57249